A politikai tudomány határai
Elmentve itt :
| Szerző: | |
|---|---|
| Adatforrás: | Philobibl |
| Forrásdokumentuma: | Politikatudományi Szemle 10 2001. 3., 184-194. p. |
| Dokumentumtípus: | Cikk |
| Nyelv: | magyar |
| LEADER | 00293nab a2200097 c 4500 | ||
|---|---|---|---|
| 001 | bibDOK00021294 | ||
| 005 | 20200924121533.7 | ||
| 008 | 060518s2001 hu hun | ||
| 100 | 1 | |a Réz Mihály | |
| 245 | 1 | 2 | |a A politikai tudomány határai |c Réz Mihály |
| 773 | 0 | |t Politikatudományi Szemle 10 |g 2001. 3., 184-194. p. | |